India's Approach to Open Banking : Some Implications for Financial Inclusion /

We examine how the development of the digital infrastructure known as the 'India Stack'-including an interoperable payments system, a universal digital ID, and other features-is delivering on the government's objective to expand the provision of financial services. While each individu...

Deskribapen osoa

Xehetasun bibliografikoak
Egile nagusia: Carriere-Swallow, Yan
Beste egile batzuk: Haksar, Vikram, Patnam, Manasa
Formatua: Aldizkaria
Hizkuntza:English
Argitaratua: Washington, D.C. : International Monetary Fund, 2021.
Saila:IMF Working Papers; Working Paper ; No. 2021/052
Sarrera elektronikoa:Full text available on IMF
LEADER 02234cas a2200265 a 4500
001 AALejournalIMF021489
008 230101c9999 xx r poo 0 0eng d
020 |c 5.00 USD 
020 |z 9781513570686 
022 |a 1018-5941 
040 |a BD-DhAAL  |c BD-DhAAL 
100 1 |a Carriere-Swallow, Yan. 
245 1 0 |a India's Approach to Open Banking :   |b Some Implications for Financial Inclusion /  |c Yan Carriere-Swallow, Vikram Haksar, Manasa Patnam. 
264 1 |a Washington, D.C. :  |b International Monetary Fund,  |c 2021. 
300 |a 1 online resource (27 pages) 
490 1 |a IMF Working Papers 
500 |a <strong>Off-Campus Access:</strong> No User ID or Password Required 
500 |a <strong>On-Campus Access:</strong> No User ID or Password Required 
506 |a Electronic access restricted to authorized BRAC University faculty, staff and students 
520 3 |a We examine how the development of the digital infrastructure known as the 'India Stack'-including an interoperable payments system, a universal digital ID, and other features-is delivering on the government's objective to expand the provision of financial services. While each individual component of the India Stack is important, we argue that its key overarching feature is a foundational approach of providing extensive public infrastructures and standards that generates important synergies across the layers of the Stack. Until recently, a large share of India's population lacked access to formal banking services and was largely reliant on cash for financial transactions. The expansion of mobile-based financial services that enable simple and convenient ways to save and conduct financial transactions has provided a novel alternative for expanding the financial net. The Stack's improved digital infrastructures have already allowed for a rapid increase in the use of digital payments and the entry of a range of competitors including fintech and bigtech firms. 
538 |a Mode of access: Internet 
700 1 |a Haksar, Vikram. 
700 1 |a Patnam, Manasa. 
830 0 |a IMF Working Papers; Working Paper ;  |v No. 2021/052 
856 4 0 |z Full text available on IMF  |u http://elibrary.imf.org/view/journals/001/2021/052/001.2021.issue-052-en.xml  |z IMF e-Library